Reflexiones históricas y artísticas entorno a las Germanías de Valencia / (Registro nro. 276706)

Detalles MARC
000 -LEADER
fixed length control field 02494nam a2200493Ii 4500
001 - CONTROL NUMBER
control field DIGPUVAL0971
003 - CONTROL NUMBER IDENTIFIER
control field NyNyDIG
008 - FIXED-LENGTH DATA ELEMENTS--GENERAL INFORMATION
fixed length control field 230518s2022 sp a ob 100 0 spa d
006 - FIXED-LENGTH DATA ELEMENTS--ADDITIONAL MATERIAL CHARACTERISTICS
fixed length control field m o d
007 - PHYSICAL DESCRIPTION FIXED FIELD--GENERAL INFORMATION
fixed length control field cr |||||||||||
035 ## - SYSTEM CONTROL NUMBER
System control number (OCoLC)1380642993
040 ## - CATALOGING SOURCE
Original cataloging agency DGITA
Language of cataloging eng
Description conventions rda
-- pn
Transcribing agency DGITA
020 ## - INTERNATIONAL STANDARD BOOK NUMBER
International Standard Book Number 9788491333081
Qualifying information pdf
020 ## - INTERNATIONAL STANDARD BOOK NUMBER
Canceled/invalid ISBN 9788491333074
Qualifying information papel
041 ## - LANGUAGE CODE
Language code of text/sound track or separate title spa
-- cat
043 ## - GEOGRAPHIC AREA CODE
Geographic area code e-sp---
050 14 - LIBRARY OF CONGRESS CALL NUMBER
Classification number DP302.V22 ebook
245 00 - TITLE STATEMENT
Title Reflexiones históricas y artísticas entorno a las Germanías de Valencia /
Statement of responsibility, etc. coordinador, Luis Arciniega García ; autores, Jesús E. Alonso López [and 6 others].
250 ## - EDITION STATEMENT
Edition statement Edición digital.
264 #1 - PRODUCTION, PUBLICATION, DISTRIBUTION, MANUFACTURE, AND COPYRIGHT NOTICE
Place of production, publication, distribution, manufacture València :
Name of producer, publisher, distributor, manufacturer Vicerrectorado de Proyección Territorial y Sociedad. Universitat de València,
Date of production, publication, distribution, manufacture, or copyright notice [2020]
300 ## - PHYSICAL DESCRIPTION
Extent 1 online resource :
Other physical details illustrations.
336 ## - CONTENT TYPE
Content type term text
Content type code txt
Source rdacontent
337 ## - MEDIA TYPE
Media type term computer
Media type code c
Source rdamedia
338 ## - CARRIER TYPE
Carrier type term online resource
Carrier type code cr
Source rdacarrier
347 ## - DIGITAL FILE CHARACTERISTICS
File type text file
Source rdaft
347 ## - DIGITAL FILE CHARACTERISTICS
Encoding format PDF
500 ## - GENERAL NOTE
General note "Este libro, y el encuentro que lo precedió, surgen en el seno del IV centenario de las germanías valencianas (1519-1522). Son, por lo tanto, elementos que contribuyen a su conmemoración. Conmemorar supone recordar algo destacado de un pasado común o a alguien que ha tenido incidencia en el mismo."
500 ## - GENERAL NOTE
General note "II Universitat de Tardor d'Alaquàs"--Cover.
504 ## - BIBLIOGRAPHY, ETC. NOTE
Bibliography, etc. note Includes bibliographical references.
546 ## - LANGUAGE NOTE
Language note Texts in Spanish and Catalan.
588 0# - SOURCE OF DESCRIPTION NOTE
Source of description note Online resource; title from PDF title page (Digitalia, viewed May 18, 2023)
650 #0 - SUBJECT ADDED ENTRY--TOPICAL TERM
Topical term or geographic name entry element Guilds
Geographic subdivision Spain
-- Valencia (Region)
General subdivision History
Chronological subdivision 16th century
Form subdivision Congresses.
650 #0 - SUBJECT ADDED ENTRY--TOPICAL TERM
Topical term or geographic name entry element Revolutions
Geographic subdivision Spain
-- Valencia (Region)
General subdivision History
Chronological subdivision 16th century
Form subdivision Congresses.
650 #0 - SUBJECT ADDED ENTRY--TOPICAL TERM
Topical term or geographic name entry element Revolutions in art
Form subdivision Congresses.
651 #0 - SUBJECT ADDED ENTRY--GEOGRAPHIC NAME
Geographic name Valencia (Spain : Region)
General subdivision History
Chronological subdivision Uprising, 1519-1522
General subdivision Art and the Uprising
Form subdivision Congresses.
700 1# - ADDED ENTRY--PERSONAL NAME
Personal name Arciniega García, Luis,
Relator term editor.
700 1# - ADDED ENTRY--PERSONAL NAME
Personal name Alonso López, Jesús E.,
Relator term author.
776 08 - ADDITIONAL PHYSICAL FORM ENTRY
Relationship information Print version:
Title Reflexiones históricas y artísticas entorno a las Germanías de Valencia.
Place, publisher, and date of publication València : Vicerrectorado de Proyección Territorial y Sociedad. Universitat de València, [2020]
International Standard Book Number 9788491333074
791 2# -
-- Digitalia (Firm),
-- distributor.
793 0# -
-- Digitalia eBook Collection:
-- Universitat de València
856 40 - ELECTRONIC LOCATION AND ACCESS
Materials specified Digitalia Hispánica
Uniform Resource Identifier <a href="https://www.digitaliapublishing.com/a/124614/">https://www.digitaliapublishing.com/a/124614/</a>
910 ## - USER-OPTION DATA (OCLC)
User-option data Premium collection: 2023
942 ## - ADDED ENTRY ELEMENTS (KOHA)
Koha item type Recurso Electrónico
Existencias
Withdrawn status Lost status Damaged status Not for loan Collection Home library Current library Date acquired Total checkouts Date last seen Price effective from Koha item type
        Digitalia Ebooks Hispanica Biblioteca Digital UIN Biblioteca Digital UIN 04/25/2025   04/25/2025 04/25/2025 Recurso Electrónico

CONTACTO


NOSOTROS


SITIOS DE INTERES

coordinacion.biblioteca.biblioteca@unienlinea.mx Misión, Visión y Objetivos Bases de datos
Directorio Bibliotecas Digitales y Repositorios
Normatividad Revistas y artículos
Convenios interbibliotecarios
Boletines



Hecho en México. Universidad Insurgentes (UIN). Todos los derechos reservados 2024. Esta página y sus contenidos pueden ser reproducidos con fines no lucrativos, siempre y cuando no se mutile, se cite la fuente completa y su dirección electrónicas. De otra forma requiere permiso previo por escrito de la institución




2024 Copyright Universidad Insurgentes | www.bibliouin.com.mx